00576nam a2200157 i 4500001000700000003000900007007000300016008004100019100003700060245006400097260004500161300004200206852003100248999001900279952012000298101461ES-MaACLt|051019s1953 pe ||||1| spa d1 aMedina Pinón, Hermán.97975113aLa voz de las horas otoñales / cHermán Medina Pinón. aIquitos (Perú) : bEl Oriente, c1953. a1 lám. ret. aut., 182 p. ; c22 cm. aES-MaACLjC-8365 bR.35997 c101461d101461 00104070aATENEOMbATENEOMcSPALd2008-01-17eSCl0oC-8365p1105928r2023-02-23 00:00:00w2023-02-23yMONOGRAFIA